| Tag |
First Indicator |
Second Indicator |
Subfields |
| LEADER |
00000cam a2200000 a 4500 |
| 001 |
in00001609607 |
| 005 |
20151023050808.0 |
| 008 |
010326s2001 ksuab b f000 0 eng d |
| 035 |
|
|
|a (OCoLC)ocm45949171
|
| 040 |
|
|
|a ENA
|c ENA
|d AGL
|d GPO
|d DLC
|d MvI
|d UtOrBLW
|
| 043 |
|
|
|a n-us-ks
|
| 049 |
|
|
|a UDOC
|
| 070 |
0 |
|
|a GB701
|b .W375 no. 2000-4259
|
| 072 |
|
0 |
|a P200
|
| 074 |
|
|
|a 0624-B
|
| 086 |
0 |
|
|a I 19.42/4:00-4259
|
| 090 |
|
|
|a GB701.W375
|b no.00-4259
|
| 100 |
1 |
|
|a Pope, Larry M.
|
| 245 |
1 |
0 |
|a Ground-water quality in Quaternary deposits of the central High Plains aquifer, south-central Kansas, 1999 /
|c by Larry M. Pope, Breton W. Bruce, and Cristi V. Hansen.
|
| 246 |
2 |
|
|a Ground water quality in quaternary deposits of the central High Plains aquifer, south central Kansas, 1999
|
| 264 |
|
1 |
|a Lawrence, Kan. :
|b U.S. Dept. of the Interior, U.S. Geological Survey ;
|c 2001.
|
| 264 |
|
2 |
|a Denver, CO :
|b Information Services [distributor],
|
| 300 |
|
|
|a vi, 44 pages :
|b illustrations (some color), color maps ;
|c 28 cm.
|
| 336 |
|
|
|a text
|b txt
|2 rdacontent
|
| 337 |
|
|
|a unmediated
|b n
|2 rdamedia
|
| 338 |
|
|
|a volume
|b nc
|2 rdacarrier
|
| 490 |
1 |
|
|a Water-resources investigations report ;
|v 00-4259
|
| 500 |
|
|
|a "Prepared as part of the National Water-Quality Assessment Program."
|
| 500 |
|
|
|a Shipping list number: 2001-0147-P.
|
| 500 |
|
|
|a Shipping List #: 2001-0147-P
|
| 500 |
|
|
|a Shipping List Date: 03/16/2001
|
| 504 |
|
|
|a Includes bibliographical references (pages 30-32).
|
| 650 |
|
0 |
|a Groundwater
|z Kansas.
|
| 650 |
|
0 |
|a Water quality
|z Kansas.
|
| 700 |
1 |
|
|a Bruce, Breton W.
|
| 700 |
1 |
|
|a Hansen, Cristi V.
|
| 710 |
2 |
|
|a Geological Survey (U.S.)
|
| 830 |
|
0 |
|a Water-resources investigations report ;
|v 00-4259.
|
| 999 |
|
|
|a MARS
|
| 999 |
f |
f |
|s 7dc9f751-d43c-3256-9f84-4521f4f625cd
|i 27c8fcd5-52cc-33ad-83fc-1c471c4a2124
|t 0
|
| 952 |
f |
f |
|p normal
|a Texas A&M University
|b College Station
|c Sterling C. Evans Library
|d Evans: US Documents (Annex 5th floor)
|t 0
|e I 19.42/4:00-4259
|h Superintendent of Documents classification
|i unmediated -- volume
|m A14827029747
|
| 998 |
f |
f |
|a I 19.42/4:00-4259
|t 0
|l Evans: US Documents (Annex 5th floor)
|